Estatísticas para Países que constituíam a Iugoslávia

Clique aqui para jogar o quiz

Estatísticas Gerais

  • Esse quiz foi jogado 253 vezes
  • A pontuação média é 6 de 7

Estatísticas das Respostas

Data de IndependênciaPaís% Correto
5 de junho de 2006 Sérvia
96%
8 de outubro de 1991 Croácia
95%
1 de março de 1992Bósnia e Herzegovina
93%
17 de fevereiro de 2008 Kosovo
92%
3 de junho de 2006 Montenegro
91%
8 de abril de 1993 Macedônia
87%
25 de junho de 1991Eslovênia
85%

Distribuição das Pontuações

Percentil de Números Respondidos

Porcentagem de Pessoas com Cada Pontuação

Sua Pontuação Histórica

Você não jogou esse quiz